| 000 | 00365nam a2200145Ia 4500 | ||
|---|---|---|---|
| 005 | 20250729165741.0 | ||
| 008 | 250729s2014 xx 000 0 und d | ||
| 041 | _akan | ||
| 082 | _a494.5 RADS | ||
| 100 |
_aRudrayyaSwami _9232109 |
||
| 245 | _aSachithra Mahabharatha | ||
| 260 |
_aGadag _bMaruthi Book Center _c2014 |
||
| 300 | _a196p | ||
| 650 |
_aKannada _9232110 |
||
| 999 |
_c239618 _d239618 |
||